LEADER 01633nam 2200385 450 001 000016474 005 20050718115600.0 010 $a981-02-3300-0 100 $a20030911d1998----km-y0itay0103----ba 101 0 $aeng 102 $aSG 200 1 $aTheory of the Navier-Stokes equations$e[proceedings of the third international conference held at Oberwolfach, Germany]$feditors J. G. Heywood ... [et al.]. 210 $aSingapore [etc.]$cWorld Scientific$dc1998 215 $aX, 228 p.$d23 cm. 225 2 $aSeries on advances in mathematics for applied sciences$v47 410 0$12001$aSeries on advances in mathematics for applied sciences 606 $aEquazione di Navier-Stokes$xCongressi 606 $aEquazione di Navier-Stokes$xSoluzioni numeriche$yCongressi 676 $a532.0533$v(21. ed.)$9Meccanica dei fluidi. Meccanica dei liquidi. Viscosità e attrito 691 $a76D05$9Fluid mechanics. Incompressible viscous fluids. Navier-Stokes equations 691 $a35Q30$9Partial differential equations. Equations of mathematical physics and other areas of application. Stokes and Navier-Stokes equations 702 1$aHeywood,$bJohn Groves 801 0$aIT$bUniversità della Basilicata - B.I.A.$gRICA$2unimarc 912 $a000016474 996 $aTheory of the Navier-Stokes equations$982411 997 $aUNIBAS BAS $aMONSCI BAS $aSCIENZE CAT $aEXT003$b01$c20030911$lBAS01$h1612 CAT $c20050601$lBAS01$h1755 CAT $abatch$b01$c20050718$lBAS01$h1053 CAT $c20050718$lBAS01$h1112 CAT $c20050718$lBAS01$h1142 CAT $c20050718$lBAS01$h1156 FMT LEADER 01851nam 2200505 450 001 9910795946203321 005 20200520144314.0 010 $a1-119-05246-7 035 $a(CKB)24989706700041 035 $a(Au-PeEL)EBL4040802 035 $a(CaPaEBR)ebr11113872 035 $a(OCoLC)957124498 035 $a(PPN)189382554 035 $a(MiAaPQ)EBC4040802 035 $a(EXLCZ)9924989706700041 100 $a20151105h20162016 uy 0 101 0 $aeng 135 $aur||||||||||| 181 $2rdacontent 182 $2rdamedia 183 $2rdacarrier 200 10$aLow-frequency electromagnetic modeling for electrical and biological systems using MATLAB /$fSergey N. Makarov, Gregory M. Noetscher, Ara Nazarian 210 1$aHoboken, New Jersey :$cWiley,$d2016. 210 4$d2016 215 $a1 online resource (790 pages) $cillustrations (some color), tables 320 $aIncludes bibliographical references at the end of each chapters and index. 606 $aBioelectromagnetism$xComputer simulation 606 $aElectromagnetic devices$xComputer simulation 606 $aElectromagnetism$xComputer simulation 606 $aELF electromagnetic fields$xMathematical models 615 0$aBioelectromagnetism$xComputer simulation. 615 0$aElectromagnetic devices$xComputer simulation. 615 0$aElectromagnetism$xComputer simulation. 615 0$aELF electromagnetic fields$xMathematical models. 676 $a621.382/24028553 700 $aMakarov$b Sergey N.$0763002 702 $aNazarian$b Ara$f1971- 702 $aNoetscher$b Gregory M.$f1978- 801 0$bMiAaPQ 801 1$bMiAaPQ 801 2$bMiAaPQ 906 $aBOOK 912 $a9910795946203321 996 $aLow-frequency electromagnetic modeling for electrical and biological systems using MATLAB$93759798 997 $aUNINA